Introduction to modern statistical mechanics / (Record no. 180605)

000 -LEADER
fixed length control field 01241 a2200253 4500
003 - CONTROL NUMBER IDENTIFIER
control field Nust
005 - DATE AND TIME OF LATEST TRANSACTION
control field 20221208123025.0
010 ## - LIBRARY OF CONGRESS CONTROL NUMBER
LC control number 86017950
020 ## - INTERNATIONAL STANDARD BOOK NUMBER
International Standard Book Number 019504276X (alk. paper) :
020 ## - INTERNATIONAL STANDARD BOOK NUMBER
International Standard Book Number 0195042778 (pbk.) :
040 ## - CATALOGING SOURCE
Transcribing agency Nust
082 00 - DEWEY DECIMAL CLASSIFICATION NUMBER
Classification number 530.13, CHA
100 1# - MAIN ENTRY--PERSONAL NAME
Personal name Chandler, David,
9 (RLIN) 39799
245 10 - TITLE STATEMENT
Title Introduction to modern statistical mechanics /
Statement of responsibility, etc. David Chandler.
260 ## - PUBLICATION, DISTRIBUTION, ETC.
Place of publication, distribution, etc. New York :
Name of publisher, distributor, etc. Oxford University Press,
Date of publication, distribution, etc. 1987.
300 ## - PHYSICAL DESCRIPTION
Extent xiii, 274 p. :
Other physical details ill. ;
Dimensions 25 cm.
505 ## - FORMATTED CONTENTS NOTE
Formatted contents note Thermodynamics Fundamentals (Page-3), Condition for Equilibrium and Stability (Page-28), Statistical Mechanics (Page-54), Non- Interacting Ideal Systems (Page-86), Statistical Mechanical Theory of Phase (Page-119), Monte Carlo Methods in Statistical Mechanics (Page-159), Classical Fluids (Page-188), Statistical Mechanics of Non Equilibrium (Page-234).
650 #0 - SUBJECT ADDED ENTRY--TOPICAL TERM
Topical term or geographic name entry element Chemistry, Physical and theoretical.
9 (RLIN) 1241
650 #0 - SUBJECT ADDED ENTRY--TOPICAL TERM
Topical term or geographic name entry element Statistical mechanics.
9 (RLIN) 34451
650 #0 - SUBJECT ADDED ENTRY--TOPICAL TERM
Topical term or geographic name entry element Statistical thermodynamics.
9 (RLIN) 39800
856 42 - ELECTRONIC LOCATION AND ACCESS
Materials specified Publisher description
Uniform Resource Identifier <a href="http://www.loc.gov/catdir/enhancements/fy0602/86017950-d.html">http://www.loc.gov/catdir/enhancements/fy0602/86017950-d.html</a>
856 42 - ELECTRONIC LOCATION AND ACCESS
Materials specified Table of contents only
Uniform Resource Identifier <a href="http://www.loc.gov/catdir/enhancements/fy0602/86017950-t.html">http://www.loc.gov/catdir/enhancements/fy0602/86017950-t.html</a>
942 ## - ADDED ENTRY ELEMENTS (KOHA)
Source of classification or shelving scheme
Koha item type Book
Holdings
Withdrawn status Lost status Source of classification or shelving scheme Damaged status Not for loan Permanent Location Current Location Shelving location Date acquired Full call number Barcode Date last seen Price effective from Koha item type Public note
          Military College of Signals (MCS) Military College of Signals (MCS) General Stacks 12/12/2016 530.13, CHA MCS1028 12/08/2016 12/12/2016 Book Almirah No.16, Shelf No.1
© 2023 Central Library, National University of Sciences and Technology. All Rights Reserved.